Strategic considerations for developing countries: the case of gats and health services /

Сохранить в:
Библиографические подробности
Главный автор: Mashayekhi, Mina
Другие авторы: Julsaint, Martine, Tuerk, Elisabeth
Формат: Текст
Метки: Добавить метку
Нет меток, Требуется 1-ая метка записи!

MARC

LEADER 00000 a a2200000 04500
001 48037
003
040
100 |a Mashayekhi, Mina  
245 |a Strategic considerations for developing countries:   |b the case of gats and health services /  |c Mina Mashayekhi, Martine Julsaint, Elisabeth Tuerk  
700 |a Julsaint, Martine  
700 |a Tuerk, Elisabeth  
773 |g páginas 17-81  
999 |c 19838  |d 19838